01788nam a2200433 i 450000100060000000300080000600500170001400600190003100700150005000800410006502000180010602000270012404000310015105000210018208000170020308200180022024502000023826400390043830000580047733600310053533700360056633800430060250400430064558801340068859001640082261000360098665000170102265000250103965000270106465100190109165100340111065100140114465500270115870000490118579700190123403500220125385600620127599900170133767763FlNmELB20241217142833.0m o u cr cn|||||||||190210s2016 ck a ob 000 0 spa d z9789586319515 a9781512955996 (e-book) aFINmELBbspaerdacFINmELB14aHV639bR425 2016 a355.1-058.6504a363.3498822300a¿Reparación o revictimización? :bcumplimiento de los fallos de la Corte Interamericana de Derechos Humanos por parte del estado colombiano /cÁngela Cristina Tapias Saldaña [y otros 4]. 1aBogotá :bEdiciones USTA,c2016. a1 recurso en línea (292 páginas) :bilustraciones atextobtxt2rdacontent/spa acomputadorabcbc2rdamedia/spa arecurso en líneabcr2rdacarrier/spa aContiene referencias bibliográficas. aDescripción basada en recurso en línea; título de la página del título en PDF (elibro, visto el 10 de febrero de 2019). aRecurso electrónico. Santa Fe, Arg.: e-libro, 2019. Disponible vía World Wide Web. El acceso puede estar limitado para las bibliotecas afiliadas a e-libro.20aInternational Court of Justice. 0aWar victims. 4aVíctima de guerra. 4aDerecho internacional. 0aWarzColombia. 0aReparation (Criminal justice) 4aColombia. 4aLibros electrónicos.1 aTapias Saldaña, Ángela Cristina,eautor.2 ae-libro, Corp. a(OCoLC)110589723140uhttps://elibro.net/ereader/politecnicointernacional/68984 c67763d67763